<?xml version="1.0" encoding="UTF-8"?>
<record
    xmlns:xsi="http://www.w3.org/2001/XMLSchema-instance"
    xsi:schemaLocation="http://www.loc.gov/MARC21/slim http://www.loc.gov/standards/marcxml/schema/MARC21slim.xsd"
    xmlns="http://www.loc.gov/MARC21/slim">

  <leader>00400nam a22001457a 4500</leader>
  <controlfield tag="005">20260507130046.0</controlfield>
  <controlfield tag="008">190330b        xxu||||| |||| 00| 0 eng d</controlfield>
  <datafield tag="041" ind1=" " ind2=" ">
    <subfield code="a">eng</subfield>
  </datafield>
  <datafield tag="082" ind1=" " ind2=" ">
    <subfield code="a">622.23</subfield>
  </datafield>
  <datafield tag="100" ind1=" " ind2=" ">
    <subfield code="a">Roy.Piyush Pal,Sinha Amalendu</subfield>
    <subfield code="9">4921</subfield>
  </datafield>
  <datafield tag="245" ind1=" " ind2=" ">
    <subfield code="a">Technical Guidelines for Controlled Blasting</subfield>
  </datafield>
  <datafield tag="260" ind1=" " ind2=" ">
    <subfield code="a">Dhanbad</subfield>
    <subfield code="b">Central Institute of Mining &amp; Fuel Research  </subfield>
  </datafield>
  <datafield tag="300" ind1=" " ind2=" ">
    <subfield code="a">51</subfield>
  </datafield>
  <datafield tag="942" ind1=" " ind2=" ">
    <subfield code="c">BK</subfield>
  </datafield>
  <datafield tag="999" ind1=" " ind2=" ">
    <subfield code="c">5794</subfield>
    <subfield code="d">5792</subfield>
  </datafield>
  <datafield tag="952" ind1=" " ind2=" ">
    <subfield code="0">0</subfield>
    <subfield code="1">0</subfield>
    <subfield code="4">0</subfield>
    <subfield code="7">0</subfield>
    <subfield code="8">MINING</subfield>
    <subfield code="a">JRU</subfield>
    <subfield code="b">JRU</subfield>
    <subfield code="d">2019-03-30</subfield>
    <subfield code="e">Purchase</subfield>
    <subfield code="g">150.00</subfield>
    <subfield code="l">0</subfield>
    <subfield code="o">622.23</subfield>
    <subfield code="p">23057</subfield>
    <subfield code="r">2019-03-30 00:00:00</subfield>
    <subfield code="w">2019-03-30</subfield>
    <subfield code="y">BK</subfield>
  </datafield>
  <datafield tag="952" ind1=" " ind2=" ">
    <subfield code="0">0</subfield>
    <subfield code="1">0</subfield>
    <subfield code="4">0</subfield>
    <subfield code="7">0</subfield>
    <subfield code="8">MINING</subfield>
    <subfield code="a">JRU</subfield>
    <subfield code="b">JRU</subfield>
    <subfield code="c">SHELF-100-A</subfield>
    <subfield code="d">2019-03-30</subfield>
    <subfield code="e">Purchase</subfield>
    <subfield code="g">150.00</subfield>
    <subfield code="l">1</subfield>
    <subfield code="o">622.23</subfield>
    <subfield code="p">23058</subfield>
    <subfield code="r">2026-04-07 13:48:14</subfield>
    <subfield code="s">2026-04-02</subfield>
    <subfield code="w">2019-03-30</subfield>
    <subfield code="y">BK</subfield>
  </datafield>
  <datafield tag="952" ind1=" " ind2=" ">
    <subfield code="0">0</subfield>
    <subfield code="1">0</subfield>
    <subfield code="4">0</subfield>
    <subfield code="7">0</subfield>
    <subfield code="8">MINING</subfield>
    <subfield code="a">JRU</subfield>
    <subfield code="b">JRU</subfield>
    <subfield code="c">SHELF-100-A</subfield>
    <subfield code="d">2019-03-30</subfield>
    <subfield code="e">Purchase</subfield>
    <subfield code="g">150.00</subfield>
    <subfield code="l">0</subfield>
    <subfield code="o">622.23</subfield>
    <subfield code="p">23059</subfield>
    <subfield code="r">2019-03-30 00:00:00</subfield>
    <subfield code="w">2019-03-30</subfield>
    <subfield code="y">BK</subfield>
  </datafield>
  <datafield tag="952" ind1=" " ind2=" ">
    <subfield code="0">0</subfield>
    <subfield code="1">0</subfield>
    <subfield code="4">0</subfield>
    <subfield code="7">0</subfield>
    <subfield code="8">MINING</subfield>
    <subfield code="a">JRU</subfield>
    <subfield code="b">JRU</subfield>
    <subfield code="d">2019-03-30</subfield>
    <subfield code="e">Purchase</subfield>
    <subfield code="g">150.00</subfield>
    <subfield code="l">0</subfield>
    <subfield code="o">622.23</subfield>
    <subfield code="p">23060</subfield>
    <subfield code="r">2019-03-30 00:00:00</subfield>
    <subfield code="w">2019-03-30</subfield>
    <subfield code="y">BK</subfield>
  </datafield>
  <datafield tag="952" ind1=" " ind2=" ">
    <subfield code="0">0</subfield>
    <subfield code="1">0</subfield>
    <subfield code="4">0</subfield>
    <subfield code="7">0</subfield>
    <subfield code="8">MINING</subfield>
    <subfield code="a">JRU</subfield>
    <subfield code="b">JRU</subfield>
    <subfield code="c">SHELF-100-A</subfield>
    <subfield code="d">2019-03-30</subfield>
    <subfield code="e">Purchase</subfield>
    <subfield code="g">150.00</subfield>
    <subfield code="l">2</subfield>
    <subfield code="o">622.23</subfield>
    <subfield code="p">23061</subfield>
    <subfield code="r">2024-04-03 15:54:37</subfield>
    <subfield code="s">2024-04-01</subfield>
    <subfield code="w">2019-03-30</subfield>
    <subfield code="y">BK</subfield>
  </datafield>
</record>
